000 00568nam a2200181 i 4500
001 bg
100 1 _aDOBRYNIN, E.M.
245 1 0 _aPrzyrządy do automatycznej kontroli wymiarów w budowie maszyn /
_cE. M. Dobrynin ; tł. [z ros.] Roman Baranowicz.
260 _aWarszawa :
_bWydawnictwa Naukowo-Techniczne,
_c1962.
300 _a315, [1] s. :
_bfot., rys. ;
_c21 cm.
650 9 _aMaszyny
_xpomiary
650 9 _aPrzyrządy pomiarowe
040 _cBPK
041 1 _apol
_hrus
080 _a531.7:621-52
942 _cKS
008 s pl f |000 0 pol
999 _c35593
_d35593
856 _uhttp://koha.tu.koszalin.pl/cgi-bin/koha/opac-detail.pl?biblionumber=35593
_yKatalog online BPK